LEADER 00545nab a2200145 i 4500 001 000000310380 003 CaOOAMICUS 005 20180831173012.0 008 180831n xx uu u0 0und r 013 $a19472 040 $aSeMil$bita 110 2 $aChiesa Cattolica : Congregazione dell'Indice.$0(OLS)http://semarc/name/25878 245 10$aDecreto circa l?opera di Jean de Bonnefon: Le Pape de demain. 773 0 $t[Luglio-Dicembre].$g574$w()273980 996 $6245$aDecreto circa l?opera di Jean de Bonnefon: Le Pape de demain$9(OLS)http://semarc/title/385204 LEADER 01022nam a2200205 i 4500 001 000000018596 003 CaOOAMICUS 005 20180830125444.0 008 180830s1909 it u000 u ita u 040 $aSeMil$bita 100 1 $aSannia, Enrico.$0(OLS)http://semarc/name/8359 245 13$aIl comico, l'umorismo e la satira nella Divina Commedia :$bcon un'appendice su "La concezione dantesca del Purgatorio" /$cEnrico Sannia e prefazione di Francesco D'Ovidio. 260 $aMilano :$bU. Hoepli,$c1909. 300 $a2 v. (XVI, 781 p.) ;$c20 cm. 650 4$aAlighieri, Dante <1265-1321> . Divina Commedia.$0(OLS)http://semarc/subject/338 700 1 $aD'Ovidio, Francesco,$d<1849-1925>.$0(OLS)http://semarc/name/8360 774 0 $tVolume primo.$w()165582 774 0 $tVol. 2.$w()165583 996 $6245$aIl comico, l'umorismo e la satira nella Divina Commedia :$bcon un'appendice su "La concezione dantesca del Purgatorio"$9(OLS)http://semarc/title/24491 996 $6260$aMilano :$bU. Hoepli$9(OLS)http://semarc/publisher/33212